000 01056nam0a22002651 4500
001 rc\4874094
005 20250613024211.0
021 _aRU
_b[67-45982]
035 _a(NLR Aleph) 008912581
090 _a8773249
_c8773249
100 _a20130426d1967 |||y0rusy50 ca
101 0 _arus
102 _aRU
105 _aa z |||||
200 1 _aОткрытая разработка месторождений полезных ископаемых
_e[Учеб. пособие для проф.-техн. училищ и индивидуально-бригадного обучения рабочих на производстве]
210 _aМосква
_cНедра
_d1967
215 _a192 с.
_cил.
_d22
320 _aБиблиогр.: с. 190 (13 назв.)
606 _aГорные работы, открытие
_jУчебники и пособия
_2psbo
700 1 _aМолчанов
_bП.В.
_gПавел Васильевич
801 0 _aRU
_bNLR
_gpsbo
801 1 _aRU
_bELAR
_2rusmarc
852 _aNLR
_j67-5/2643
942 _cBOOK
980 _aNB